000 01364nam a2200337 a 4500
001 000018944
003 DO-SdBPM
005 20250912142749.0
007 ta
008 100521s1998 dr 000 0 spa d
040 _aDO-SdBPM
_bspa
_cBPMSU
_erda
_drda
082 4 _a709.7293
_bV179ó 1998
_222
100 1 _aValldeperes, Manuel
_eautor
245 1 0 _aObra crítica en el periódico El Caribe /
_cManuel Valldeperes ; compilación nota introductoria y edición José Chez Checo ; presentación José Rafael Lantigua.
260 _aSanto Domingo :
_bComisión Permanete de la Feria Nacional del Libro,
_c1998.
300 _a3 volumenes ;
_c24 cm.
336 _atexto
_btxt
_2rdacontent
337 _asin mediación
_bn
_2rdamedia
338 _avolumen
_bnc
_2rdacarrier
505 2 _av.1 --
_tArtes plásticas (1962-1966) --
_gv.2 --
_tArtes plásticas (1967-1969) --
_gv.3 --
_tLiteratura y música.
590 _aInventariado, 2025/VM
650 7 _aArte
_xHistoria y crítica
650 7 _aPintura
_xHistoria y crítica
650 7 _a Musica dominicana
_xHistoria y crítica
650 7 _aDiarios dominicanos
_xSecciones, columnas, etc.
700 1 _aChez Checo, José,
_d1949-
_ecompilación
700 1 _aLantigua, José Rafael,
_d1949-
710 1 _aEl Caribe (República Dominicana)
910 _aVMateo V. Control de calidad BPMSU
942 _2ddc
_cBK
999 _c15390
_d15390